00756nam a2200193 a 450000100100000000500170001000800410002702000150006804000250008308200160010810000250012424501620014926000660031130000200037750400730039750400310047070000300050170000310053100000568320200929151739.0090821s1995 dr 000 0 spa d a8460091325 aDO-SdBNPbspacBNPHU axxxxbS779i1 aStagno, Horacio Hugo10aImportancia de los organismos internacionales en la República Dominicana /cHoracio Hugo Stagno ; prólogo Ramón Alonso ; revisión José Luis Parisi. aSanto Domingo :bUniversidad Católica Santo Domingo,c1995. a95 p. ;c21 cm. aIncluye referencias bibliográficas y notas al pie de las páginas aBibliografía : p. 83- 841 aAlonso, Ramón,epról.1 aParisi, José Luis,erev.